[Event "Ciutat de Sabadell op"]
[Site "Sabadell"]
[Date "2013.09.10"]
[Round "9"]
[White "Ridameya Tatche, J."]
[Black "Grau Pacheco, M."]
[Result "1-0"]
[WhiteElo "2007"]
[BlackElo "2006"]
[PlyCount "67"]
[EventDate "2013.??.??"]
[EventType "swiss"]
[EventRounds "9"]

1. e4 c6 2. d4 d5 3. exd5 cxd5 4. c4 Nf6 5. Nc3 e6 6. Bg5 dxc4 7. Bxc4 Be7 8.
Nf3 O-O 9. O-O a6 10. a4 Nc6 11. Re1 b6 12. Qd2 Bb7 13. Rad1 Na5 14. Be2 Qc7
15. Ne5 Rad8 16. Qf4 Nd5 17. Nxd5 Rxd5 18. Bxe7 Qxe7 19. Bf3 Rdd8 20. Bxb7 Qxb7
21. b4 Nc6 22. Qf3 Rd5 23. b5 Nxd4 24. Rxd4 axb5 25. axb5 f6 26. Nd3 Rfd8 27.
Rxd5 Qxd5 28. Qxd5 Rxd5 29. Nf4 Rxb5 30. Nxe6 Rb2 31. g3 b5 32. Re3 b4 33. Kg2
Rb1 34. Nc5 1-0

[Event "Ciutat de Sabadell op"]
[Site "Sabadell"]
[Date "2013.09.10"]
[Round "9"]
[White "Saez Coma, A."]
[Black "Sayrol Clols, JM."]
[Result "1/2-1/2"]
[WhiteElo "2017"]
[BlackElo "2111"]
[PlyCount "158"]
[EventDate "2013.??.??"]
[EventType "swiss"]
[EventRounds "9"]

1. d4 c5 2. c3 cxd4 3. cxd4 f5 4. Nf3 e6 5. Nc3 d5 6. Bf4 Nf6 7. e3 a6 8. Be2
Be7 9. O-O O-O 10. Ne5 Nbd7 11. Rc1 Nxe5 12. Bxe5 Bd7 13. Nb1 Bc6 14. Nd2 Ne4
15. f4 Rc8 16. Bd3 Nf6 17. a3 Ng4 18. Qe2 Nxe5 19. fxe5 Bg5 20. Nf3 Bh6 21. g3
Be8 22. Rxc8 Qxc8 23. Ne1 Qd8 24. Ng2 g5 25. Qc2 Bg6 26. Rc1 Qe8 27. Rf1 Kh8
28. b4 Rf7 29. Rc1 Rf8 30. Rf1 Bh5 31. a4 Bg4 32. b5 Bh3 33. bxa6 bxa6 34. Rc1
Bxg2 35. Kxg2 f4 36. Qc7 f3+ 37. Kf2 Bg7 38. h4 Qh5 39. Rh1 g4 40. Rb1 Qe8 41.
Rb7 Rg8 42. Qd7 Qxd7 43. Rxd7 Rb8 44. Bxa6 Bf8 45. Rb7 Ra8 46. Rb6 Kg8 47. Bb5
Kf7 48. Rb7+ Be7 49. Rc7 Kf8 50. Bc6 Ra6 51. Rc8+ Kf7 52. Be8+ Kg7 53. Rc7 Kf8
54. Rc8 Kg7 55. Bb5 Ra7 56. Rc6 Kf7 57. Rc2 Bb4 58. Rc8 Kg7 59. Rd8 Rc7 60.
Rd7+ Rxd7 61. Bxd7 Kf7 62. Bb5 h5 63. Bd3 Bc3 64. Bb5 Bb4 65. Bc6 Bc3 66. Bb7
Ke7 67. Kf1 Kf7 68. Ba6 Ke7 69. Bd3 Kf7 70. Kf2 Kg7 71. Bc2 Kf7 72. Bd1 Ke7 73.
Bc2 Kf7 74. Kf1 Bd2 75. Kf2 Bc3 76. Bd3 Kg7 77. Ba6 Kf7 78. Bc8 Ke7 79. Bb7 Kf7
1/2-1/2

[Event "Ciutat de Sabadell op"]
[Site "Sabadell"]
[Date "2013.09.10"]
[Round "9"]
[White "Salagran Ferragut, G."]
[Black "Prats Rodriguez, JB."]
[Result "1/2-1/2"]
[WhiteElo "1995"]
[BlackElo "2074"]
[PlyCount "58"]
[EventDate "2013.??.??"]
[EventType "swiss"]
[EventRounds "9"]

1. e4 d6 2. d4 Nf6 3. Nc3 g6 4. Be3 c6 5. a4 Bg7 6. h3 Nbd7 7. Nf3 Qc7 8. Be2
b6 9. O-O O-O 10. Nd2 e5 11. dxe5 Nxe5 12. f4 Ned7 13. Nc4 d5 14. exd5 Nxd5 15.
Nxd5 cxd5 16. Qxd5 Ba6 17. Rae1 Rad8 18. Qd6 Qxd6 19. Nxd6 Bxe2 20. Rxe2 Bxb2
21. Nb5 a6 22. c3 Rde8 23. Nc7 Re4 24. Rxb2 Rxe3 25. Rd1 Rxc3 26. Nxa6 Ra8 27.
Rxd7 Rxa6 28. Rb4 Ra3 29. Rdd4 Ra2 1/2-1/2

[Event "Ciutat de Sabadell op"]
[Site "Sabadell"]
[Date "2013.09.10"]
[Round "9"]
[White "Tardio Fran, E."]
[Black "Pozanco Romasanta, M."]
[Result "1/2-1/2"]
[WhiteElo "1853"]
[BlackElo "2067"]
[PlyCount "57"]
[EventDate "2013.??.??"]
[EventType "swiss"]
[EventRounds "9"]

1. e4 Nf6 2. e5 Nd5 3. Bc4 Nb6 4. Bb3 d5 5. exd6 cxd6 6. Qf3 d5 7. d4 g6 8. h4
Bg7 9. Ne2 h5 10. Bg5 Bg4 11. Qe3 Bxe2 12. Kxe2 Nc6 13. c3 Qd7 14. Re1 O-O-O
15. Kf1 f6 16. Bf4 e5 17. Bg3 exd4 18. Qf3 Qg4 19. Nd2 Qxf3 20. Nxf3 dxc3 21.
bxc3 f5 22. Nd4 Rhe8 23. Nb5 Rxe1+ 24. Rxe1 Kd7 25. Bc7 Re8 26. Rxe8 Kxe8 27.
Bxb6 axb6 28. Nc7+ Kd7 29. Nxd5 1/2-1/2

[Event "Ciutat de Sabadell op"]
[Site "Sabadell"]
[Date "2013.09.10"]
[Round "9"]
[White "Valdes Romero, L."]
[Black "Gomez Jurado, LA."]
[Result "1-0"]
[WhiteElo "2427"]
[BlackElo "2316"]
[PlyCount "65"]
[EventDate "2013.??.??"]
[EventType "swiss"]
[EventRounds "9"]

1. Nf3 Nf6 2. g3 g6 3. Bg2 Bg7 4. O-O O-O 5. d3 d5 6. Nbd2 c5 7. e4 Nc6 8. Re1
Bg4 9. h3 Bxf3 10. Qxf3 Nd4 11. Qd1 dxe4 12. dxe4 e5 13. c3 Ne6 14. a4 Qe7 15.
Nc4 Rfd8 16. Qb3 Ne8 17. h4 Rab8 18. Ne3 N6c7 19. Qc4 b6 20. h5 Nd6 21. Qe2 f5
22. hxg6 hxg6 23. exf5 gxf5 24. Nd5 Nxd5 25. Bxd5+ Nf7 26. Bb3 Rd6 27. Qh5 Qf6
28. Rxe5 Qxe5 29. Qxf7+ Kh7 30. Bf4 Qxf4 31. gxf4 Rg6+ 32. Kf1 Rf8 33. Qd7 1-0

[Event "Ciutat de Sabadell op"]
[Site "Sabadell"]
[Date "2013.09.10"]
[Round "9"]
[White "Vidarte Morales, A."]
[Black "Valencia Jimenez, J."]
[Result "1-0"]
[WhiteElo "2337"]
[BlackElo "2126"]
[PlyCount "61"]
[EventDate "2013.??.??"]
[EventType "swiss"]
[EventRounds "9"]

1. c4 g6 2. Nc3 Bg7 3. d4 c5 4. d5 Nf6 5. e4 d6 6. f4 O-O 7. Nf3 e6 8. dxe6
fxe6 9. Bd3 Nh5 10. g3 Nc6 11. O-O Nd4 12. Nxd4 cxd4 13. Nb5 a6 14. Na3 Bd7 15.
Qe2 Bc6 16. Bd2 Qe7 17. Nc2 Bd7 18. e5 dxe5 19. fxe5 Rxf1+ 20. Rxf1 Bh8 21. g4
Ng7 22. Rf6 a5 23. b4 Ba4 24. c5 Bxc2 25. Bxc2 axb4 26. Qc4 d3 27. Bb3 Rd8 28.
Qxb4 Qc7 29. Qb6 Rd4 30. Rf4 Rd8 31. Kg2 1-0

[Event "Ct. Catalunya Absolut Final"]
[Site "Barcelona"]
[Date "2013.05.05"]
[Round "?"]
[White "Gual Pascual, A."]
[Black "Perez Mitjans, O."]
[Result "1/2-1/2"]
[WhiteElo "2468"]
[BlackElo "2483"]
[PlyCount "84"]
[EventDate "2013.??.??"]
[EventType "k.o."]
[EventRounds "8"]
[Source "ChessBase"]
[SourceDate "2013.06.25"]

1. d4 Nf6 2. c4 g6 3. Nc3 Bg7 4. e4 d6 5. f3 O-O 6. Be3 c5 7. Nge2 Nc6 8. d5
Ne5 9. Ng3 h5 10. Be2 a6 11. O-O e6 12. a4 exd5 13. cxd5 Qa5 14. h3 Qb4 15. Qc1
Re8 16. Nh1 Nh7 17. Nf2 Qa5 18. Bh6 Bxh6 19. Qxh6 Qb4 20. f4 Nd7 21. f5 Ndf8
22. Bxh5 gxh5 23. f6 Nxf6 24. Qxf6 Qd4 25. Qxd6 Ng6 26. e5 Rxe5 27. Rad1 Qh4
28. Rde1 Rxe1 29. Rxe1 Bf5 30. Qxc5 Bxh3 31. Re4 Bg4 32. Qe3 Rd8 33. g3 Qf6 34.
Nxg4 hxg4 35. Rxg4 b5 36. axb5 axb5 37. Qd4 Qf3 38. Ne4 Ra8 39. Nf6+ Kf8 40.
Nh7+ Kg8 41. Nf6+ Kf8 42. Nh7+ Kg8 1/2-1/2

[Event "Ct. Catalunya Absolut Final"]
[Site "Barcelona"]
[Date "2013.05.05"]
[Round "?"]
[White "Gual Pascual, A."]
[Black "Perez Mitjans, O."]
[Result "1-0"]
[WhiteElo "2468"]
[BlackElo "2483"]
[PlyCount "44"]
[EventDate "2013.??.??"]
[EventType "k.o."]
[EventRounds "8"]
[Source "ChessBase"]
[SourceDate "2013.06.25"]

1. d4 Nf6 2. c4 g6 3. Nc3 Bg7 4. e4 d6 5. Nge2 O-O 6. Ng3 e5 7. d5 c6 8. Be2 a6
9. h4 cxd5 10. cxd5 Nbd7 11. h5 b5 12. h6 Bh8 13. Bg5 Nc5 14. b4 Ncd7 15. a4
bxa4 16. Nxa4 Rb8 17. Rb1 Nb6 18. O-O Bd7 19. Nxb6 Qxb6 20. Qd2 Rfc8 21. Rfc1
Ne8 22. Nf1 f5 1-0

[Event "Ct. Catalunya Absolut Final"]
[Site "Barcelona"]
[Date "2013.05.05"]
[Round "?"]
[White "Lorenzo de la Riva, L."]
[Black "Moskalenko, V."]
[Result "1-0"]
[WhiteElo "2423"]
[BlackElo "2539"]
[PlyCount "81"]
[EventDate "2013.??.??"]
[EventType "k.o."]
[EventRounds "8"]
[Source "ChessBase"]
[SourceDate "2013.11.20"]

1. e4 e6 2. d3 d5 3. Qe2 c5 4. Nf3 Nc6 5. g3 Nf6 6. Bg2 Be7 7. O-O O-O 8. e5
Nd7 9. c4 dxc4 10. dxc4 Nd4 11. Nxd4 cxd4 12. Nd2 d3 13. Qxd3 Nxe5 14. Qe2 Nd3
15. Ne4 Nxc1 16. Raxc1 Bd7 17. Rfd1 Qc7 18. c5 Bc6 19. Nd6 Rfd8 20. Bxc6 Qxc6
21. b4 a6 22. a3 Rd7 23. Nc4 Rad8 24. Rxd7 Qxd7 25. Ne5 Qc7 26. Nc4 g6 27. Rd1
Rxd1+ 28. Qxd1 Qc6 29. Qd3 Qb5 30. Qd4 Qa4 31. h4 h5 32. Qd3 Qb5 33. Qe4 Qd7
34. Kg2 Bf6 35. Na5 Qd2 36. Nxb7 Bd4 37. Qf3 e5 38. Nd6 Qa2 39. c6 Bb6 40. Nc8
f5 41. Nxb6 1-0

[Event "Ct. Catalunya Absolut Final"]
[Site "Barcelona"]
[Date "2013.05.05"]
[Round "?"]
[White "Muñoz Pantoja, M."]
[Black "Fluvia Poyatos, Joan"]
[Result "1-0"]
[WhiteElo "2455"]
[BlackElo "2492"]
[PlyCount "45"]
[EventDate "2013.??.??"]
[EventType "k.o."]
[EventRounds "8"]
[Source "ChessBase"]
[SourceDate "2013.06.25"]

1. e4 c5 2. g3 d5 3. Bg2 dxe4 4. Bxe4 Nf6 5. Bg2 Nc6 6. Nf3 e5 7. O-O Bd6 8. d3
O-O 9. Nbd2 Bg4 10. h3 Bh5 11. Re1 Re8 12. Nc4 Bc7 13. g4 Bg6 14. Bg5 h6 15.
Bh4 e4 16. dxe4 Qxd1 17. Raxd1 Nxe4 18. c3 f6 19. Nfd2 Nxd2 20. Nxd2 Kf8 21.
Ne4 Bf7 22. Kf1 c4 23. b3 1-0

[Event "Ct. Catalunya Absolut Final"]
[Site "Barcelona"]
[Date "2013.05.04"]
[Round "1"]
[White "Alonso Rosell, A."]
[Black "Ramon Solans, A."]
[Result "1-0"]
[WhiteElo "2547"]
[BlackElo "2316"]
[PlyCount "91"]
[EventDate "2013.??.??"]
[EventType "k.o."]
[EventRounds "8"]

1. d4 Nf6 2. c4 b6 3. Nc3 Bb7 4. Nf3 e6 5. Bg5 Be7 6. Qc2 d5 7. cxd5 Nxd5 8.
Bxe7 Qxe7 9. Nxd5 exd5 10. e3 O-O 11. Bd3 g6 12. O-O c5 13. dxc5 bxc5 14. Rac1
Nd7 15. Rfe1 Rac8 16. Qa4 Bc6 17. Qa3 Qf6 18. b3 Rfe8 19. Qa5 Rb8 20. h3 h5 21.
Rc2 Qd6 22. Rce2 Rb4 23. Rd2 Qb8 24. Rc1 Qb6 25. Qxb6 Rxb6 26. Be2 Ba8 27. Ne1
d4 28. exd4 Rbe6 29. Kf1 cxd4 30. Bf3 Bxf3 31. Nxf3 Ne5 32. Nxd4 Rd6 33. Rcd1
Red8 34. Nf3 Rxd2 35. Rxd2 Rxd2 36. Nxd2 Nd3 37. a3 Nf4 38. h4 f6 39. g3 Ne6
40. Ke2 Kf7 41. Ke3 g5 42. b4 gxh4 43. gxh4 Ng7 44. Ke4 Ke6 45. Nb3 Kd6 46. Nd4
1-0

[Event "Ct. Catalunya Absolut Final"]
[Site "Barcelona"]
[Date "2013.05.04"]
[Round "1"]
[White "Alsina Leal, D."]
[Black "Beltran Rueda, S."]
[Result "1-0"]
[WhiteElo "2540"]
[BlackElo "2417"]
[PlyCount "73"]
[EventDate "2013.??.??"]
[EventType "k.o."]
[EventRounds "8"]

1. e4 e5 2. Nf3 Nf6 3. Nxe5 d6 4. Nf3 Nxe4 5. d4 Be7 6. Bd3 Nf6 7. h3 O-O 8.
O-O c6 9. c4 a6 10. Nc3 Nbd7 11. Qc2 Re8 12. Bf4 Nf8 13. Rfe1 Ne6 14. Bh2 g6
15. Re2 Bf8 16. Rae1 Bd7 17. Qd2 Qb6 18. Ne4 Nxe4 19. Bxe4 a5 20. Bb1 Qb4 21.
Qd3 b5 22. b3 a4 23. Bc2 axb3 24. Bxb3 bxc4 25. Qxc4 Qb7 26. Qc1 d5 27. Be5 c5
28. dxc5 Nxc5 29. Qd1 Nxb3 30. axb3 Ra6 31. Bb2 Rxe2 32. Rxe2 f6 33. Rd2 Rb6
34. Rxd5 Be6 35. Rd8 Bxb3 36. Qd4 Bd5 37. Qc5 1-0

[Event "Ct. Catalunya Absolut Final"]
[Site "Barcelona"]
[Date "2013.05.04"]
[Round "1"]
[White "Lillo Castany, V."]
[Black "Narciso Dublan, M."]
[Result "1/2-1/2"]
[WhiteElo "2327"]
[BlackElo "2542"]
[PlyCount "105"]
[EventDate "2013.??.??"]
[EventType "k.o."]
[EventRounds "8"]

1. e4 e5 2. Nf3 Nc6 3. Bc4 Bc5 4. c3 Nf6 5. d3 d6 6. Nbd2 O-O 7. O-O Bb6 8. Bb3
h6 9. h3 Be6 10. Re1 Re8 11. Nc4 Ne7 12. d4 Ng6 13. d5 Bd7 14. Bc2 Nh7 15. a4
a6 16. Nxb6 cxb6 17. Kh2 Ne7 18. Be3 f5 19. exf5 Bxf5 20. Bb3 Kh8 21. Nh4 Nf6
22. Qf3 Be4 23. Qg3 Rf8 24. f4 exf4 25. Bxf4 g5 26. Bxg5 hxg5 27. Qxg5 Bh7 28.
Re6 Nfg8 29. Qh5 Nf6 30. Qh6 Nfg8 31. Qh5 Qe8 32. Qxe8 Raxe8 33. Rxd6 Rf4 34.
Nf3 Nf5 35. Re6 Rxe6 36. dxe6 Nge7 37. Rd1 Kg7 38. Rd7 Kf6 39. Rxb7 Ne3 40. Kg3
Rf5 41. Rxb6 Nf1+ 42. Kf2 Nd2 43. Ke2 Nxb3 44. Rxb3 Ra5 45. Rb4 Kxe6 46. Nd4+
Kf6 47. Rb6+ Kf7 48. b3 Be4 49. g3 Nd5 50. Rc6 Nf6 51. Rb6 Nd5 52. Rc6 Nf6 53.
Rb6 1/2-1/2

[Event "Ct. Catalunya Absolut Final"]
[Site "Barcelona"]
[Date "2013.05.04"]
[Round "1"]
[White "Muñoz Pantoja, M."]
[Black "Fluvia Poyatos, Joan"]
[Result "1-0"]
[WhiteElo "2455"]
[BlackElo "2492"]
[PlyCount "99"]
[EventDate "2013.??.??"]
[EventType "k.o."]
[EventRounds "8"]

1. e4 c5 2. Nf3 d6 3. c4 e5 4. Nc3 Nc6 5. d3 g6 6. g3 Bg7 7. Bg2 Nge7 8. O-O
O-O 9. Ne1 Nd4 10. Nc2 Rb8 11. Rb1 Nec6 12. Nxd4 exd4 13. Nd5 b5 14. Bd2 bxc4
15. dxc4 Be6 16. Qa4 Bxd5 17. exd5 Ne5 18. b3 Re8 19. Rbe1 Re7 20. Re2 Nd3 21.
Bf3 h6 22. Be4 Nb2 23. Qa3 f5 24. Bf3 Nd3 25. Re6 Kh7 26. Qa6 Rb6 27. Qa4 Rbb7
28. h4 Ne5 29. Bg2 Qd7 30. Qxd7 Rbxd7 31. Re1 Bf8 32. Kf1 Rf7 33. Re2 Be7 34.
h5 g5 35. f4 Ng4 36. Bf3 Bf6 37. Kg2 d3 38. Re1 gxf4 39. Bxg4 fxg4 40. gxf4 Bd4
41. Kg3 Rg7 42. Be3 Bc3 43. Rd1 Rdf7 44. Rxd3 Be1+ 45. Kg2 Rf5 46. Bxc5 dxc5
47. Rxe1 Rxf4 48. d6 Rd7 49. Kg3 Rff7 50. Re5 1-0

[Event "Ct. Catalunya Absolut Final"]
[Site "Barcelona"]
[Date "2013.05.04"]
[Round "1"]
[White "Perez Mitjans, O."]
[Black "Gual Pascual, A."]
[Result "1/2-1/2"]
[WhiteElo "2483"]
[BlackElo "2468"]
[PlyCount "53"]
[EventDate "2013.??.??"]
[EventType "k.o."]
[EventRounds "8"]

1. e4 c5 2. Nf3 d6 3. d4 Nf6 4. Nc3 cxd4 5. Nxd4 a6 6. Bg5 e6 7. Qf3 Nbd7 8.
O-O-O Qa5 9. h4 h6 10. Bxf6 Nxf6 11. g4 Be7 12. Be2 g6 13. Kb1 Nd7 14. Qg3 Nc5
15. f4 Bd7 16. f5 O-O-O 17. Rhf1 Rde8 18. f6 Bd8 19. Qxd6 Bc7 20. Nb3 Qxc3 21.
Qxc5 Qxc5 22. Nxc5 Rd8 23. e5 Bc6 24. Nd3 Be4 25. Nc5 Bc6 26. Nd3 Be4 27. Nc5
1/2-1/2

[Event "Ct. Catalunya Absolut Final"]
[Site "Barcelona"]
[Date "2013.05.05"]
[Round "2"]
[White "Beltran Rueda, S."]
[Black "Alsina Leal, D."]
[Result "1/2-1/2"]
[WhiteElo "2417"]
[BlackElo "2540"]
[PlyCount "78"]
[EventDate "2013.??.??"]
[EventType "k.o."]
[EventRounds "8"]

1. Nf3 Nf6 2. c4 g6 3. Nc3 d5 4. cxd5 Nxd5 5. g3 Bg7 6. Bg2 O-O 7. O-O c5 8.
Nxd5 Qxd5 9. d3 Nc6 10. Be3 Bd7 11. Nd4 Qd6 12. Nxc6 Bxc6 13. Bxc6 Qxc6 14. Rc1
Qe6 15. Rxc5 Qxa2 16. Rb5 b6 17. Qa1 Qe6 18. Qa6 h5 19. Rb4 Qd6 20. Qb5 Rac8
21. Ra1 Rc7 22. Rc4 Rxc4 23. dxc4 Qc7 24. h4 Rd8 25. Rc1 Bd4 26. Bxd4 Rxd4 27.
c5 bxc5 28. Rxc5 Qd7 29. Qb8+ Kg7 30. Ra5 Rd1+ 31. Kh2 Qd4 32. Qe5+ Qxe5 33.
Rxe5 Kf6 34. Re3 Rd2 35. b3 e5 36. Kg2 a5 37. f4 exf4 38. gxf4 Rd4 39. Kf3 a4
1/2-1/2

[Event "Ct. Catalunya Absolut Final"]
[Site "Barcelona"]
[Date "2013.05.05"]
[Round "2"]
[White "Fluvia Poyatos, Joan"]
[Black "Muñoz Pantoja, M."]
[Result "1-0"]
[WhiteElo "2492"]
[BlackElo "2455"]
[PlyCount "87"]
[EventDate "2013.??.??"]
[EventType "k.o."]
[EventRounds "8"]

1. e4 c5 2. Nf3 Nc6 3. d4 cxd4 4. Nxd4 e5 5. Nb5 d6 6. N1c3 a6 7. Na3 Be7 8.
Be3 b5 9. Nd5 Rb8 10. c4 b4 11. Nc2 Nf6 12. Qd3 O-O 13. Be2 Nxd5 14. cxd5 Na5
15. Bd2 b3 16. Nb4 f5 17. O-O fxe4 18. Qxe4 Bg5 19. Bxg5 Qxg5 20. Nc6 Bf5 21.
Qe3 Qxe3 22. fxe3 Nxc6 23. dxc6 Be6 24. axb3 Rxb3 25. c7 Rc8 26. Rxa6 Rxb2 27.
Rxd6 g6 28. Ba6 Rxc7 29. Rxe6 Rcc2 30. Re8+ Kg7 31. Re7+ Kh6 32. Bb7 Re2 33. h3
e4 34. Bxe4 Rxe3 35. Rff7 Kg5 36. Bf3 Rxe7 37. Rxe7 h5 38. Kh2 Rb6 39. Rc7 Rb4
40. Rc6 Rd4 41. Be2 Kf5 42. Bc4 h4 43. Be6+ Ke5 44. Bg4 1-0

[Event "Ct. Catalunya Absolut Final"]
[Site "Barcelona"]
[Date "2013.05.05"]
[Round "2"]
[White "Gual Pascual, A."]
[Black "Perez Mitjans, O."]
[Result "1/2-1/2"]
[WhiteElo "2468"]
[BlackElo "2483"]
[PlyCount "85"]
[EventDate "2013.??.??"]
[EventType "k.o."]
[EventRounds "8"]

1. d4 Nf6 2. c4 g6 3. Nc3 Bg7 4. e4 d6 5. f3 O-O 6. Be3 c5 7. Nge2 Nc6 8. d5
Ne5 9. Ng3 h5 10. Be2 a6 11. O-O e6 12. a4 exd5 13. cxd5 Qa5 14. h3 Qb4 15. Qc1
Re8 16. Nh1 Nh7 17. Nf2 Qa5 18. Bh6 Bxh6 19. Qxh6 Qb4 20. f4 Nd7 21. f5 Ndf8
22. Bxh5 gxh5 23. f6 Nxf6 24. Qxf6 Qd4 25. Qxd6 Ng6 26. e5 Rxe5 27. Rad1 Qh4
28. Rde1 Rxe1 29. Rxe1 Bf5 30. Qxc5 Bxh3 31. Re4 Bg4 32. Qe3 Rd8 33. g3 Qf6 34.
Nxg4 hxg4 35. Rxg4 b5 36. axb5 axb5 37. Qd4 Qf3 38. Ne4 Ra8 39. Nf6+ Kf8 40.
Nh7+ Kg8 41. Nf6+ Kf8 42. Nh7+ Kg8 43. Qe4 1/2-1/2

[Event "Ct. Catalunya Absolut Final"]
[Site "Barcelona"]
[Date "2013.05.05"]
[Round "2"]
[White "Moskalenko, V."]
[Black "Lorenzo de la Riva, L."]
[Result "1/2-1/2"]
[WhiteElo "2539"]
[BlackElo "2423"]
[PlyCount "87"]
[EventDate "2013.??.??"]
[EventType "k.o."]
[EventRounds "8"]

1. c4 e6 2. d4 c5 3. Nc3 d5 4. Nf3 cxd4 5. Nxd4 Nf6 6. cxd5 Nxd5 7. Bd2 Bc5 8.
Nb3 Bb6 9. Nxd5 exd5 10. Bc3 O-O 11. e3 Nc6 12. Be2 Qg5 13. h4 Qd8 14. Qd2 a5
15. Rd1 a4 16. Nd4 Nxd4 17. Bxd4 Ba5 18. Bc3 Be6 19. Bxa5 Rxa5 20. Qd4 Qe7 21.
O-O a3 22. b3 Rc8 23. Rd2 Rac5 24. g3 Rc2 25. Rfd1 h6 26. Bf3 Qf6 27. Qxf6 gxf6
28. Bxd5 Bxd5 29. Rxc2 Rxc2 30. Rxd5 Rxa2 31. Ra5 Kf8 32. Ra7 b5 33. b4 Ra1+
34. Kg2 a2 35. Kf3 Kg7 36. h5 Rb1 37. Rxa2 Rxb4 38. Rc2 f5 39. Rc6 Rb2 40. Rb6
b4 41. Kg2 Rb1 42. Kf3 Rb2 43. Kg2 Rb1 44. Kf3 1/2-1/2

[Event "Ct. Catalunya Absolut Final"]
[Site "Barcelona"]
[Date "2013.05.05"]
[Round "2"]
[White "Narciso Dublan, M."]
[Black "Lillo Castany, V."]
[Result "1-0"]
[WhiteElo "2542"]
[BlackElo "2327"]
[PlyCount "131"]
[EventDate "2013.??.??"]
[EventType "k.o."]
[EventRounds "8"]

1. d4 d5 2. c4 Nf6 3. Nf3 c6 4. e3 e6 5. b3 Nbd7 6. Bb2 b6 7. Bd3 Bb7 8. O-O
Be7 9. Nc3 O-O 10. Qe2 Qc7 11. Rfc1 Rac8 12. a4 a5 13. cxd5 exd5 14. Bf5 Rcd8
15. Ba3 Bxa3 16. Rxa3 Qd6 17. Raa1 Rfe8 18. Qb2 Nb8 19. Qa3 Qxa3 20. Rxa3 g6
21. Bd3 Kf8 22. Na2 Nbd7 23. b4 axb4 24. Nxb4 c5 25. Na2 Bc6 26. Nc3 Ra8 27.
Rb1 Reb8 28. Bb5 Bxb5 29. Rxb5 Ke7 30. Ne5 Ke6 31. Nd3 Kd6 32. f3 Rc8 33. Rb2
Ra5 34. Kf2 cxd4 35. exd4 Rc4 36. Re2 Kc6 37. Ke3 Ne8 38. Rb3 Kd6 39. Nb4 Nc7
40. Kd3 Ne6 41. Ne4+ dxe4+ 42. Kxc4 exf3 43. gxf3 Rxa4 44. Ra2 b5+ 45. Kc3 Nb6
46. Rxa4 bxa4 47. Ra3 Nf4 48. Nc2 Nfd5+ 49. Kd3 Nf4+ 50. Ke4 Nfd5 51. Ra1 Nc7
52. Na3 Ne6 53. Nb5+ Kd7 54. Nc3 Ng5+ 55. Kf4 Ne6+ 56. Ke3 a3 57. Nb5 Nc4+ 58.
Kd3 Nb2+ 59. Kc3 Na4+ 60. Kb4 Nb6 61. Rxa3 Nd5+ 62. Kc4 Nb6+ 63. Kd3 Ng5 64.
Ke2 Nc8 65. d5 f5 66. Ke3 1-0

[Event "Ct. Catalunya Absolut Final"]
[Site "Barcelona"]
[Date "2013.05.06"]
[Round "3"]
[White "Alonso Rosell, A."]
[Black "Muñoz Pantoja, M."]
[Result "1/2-1/2"]
[WhiteElo "2547"]
[BlackElo "2455"]
[PlyCount "47"]
[EventDate "2013.??.??"]
[EventType "k.o."]
[EventRounds "8"]

1. d4 c5 2. d5 Nf6 3. c4 d6 4. Nc3 g6 5. e4 Bg7 6. h3 O-O 7. Nf3 e6 8. Bd3 exd5
9. exd5 Re8+ 10. Be3 Nfd7 11. O-O Ne5 12. Nxe5 Bxe5 13. Qd2 Nd7 14. Rae1 Bg7
15. Ne4 Ne5 16. Bg5 f6 17. Nxf6+ Bxf6 18. Bxf6 Qxf6 19. f4 Nxd3 20. Rxe8+ Kf7
21. Re3 Nxb2 22. Qe2 Bf5 23. Re1 Nd3 24. Rxd3 1/2-1/2

[Event "Ct. Catalunya Absolut Final"]
[Site "Barcelona"]
[Date "2013.05.06"]
[Round "3"]
[White "Alsina Leal, D."]
[Black "Lorenzo de la Riva, L."]
[Result "1-0"]
[WhiteElo "2540"]
[BlackElo "2423"]
[PlyCount "105"]
[EventDate "2013.??.??"]
[EventType "k.o."]
[EventRounds "8"]

1. e4 e6 2. d4 d5 3. Nd2 Nf6 4. e5 Nfd7 5. Bd3 c5 6. c3 Nc6 7. Ne2 cxd4 8. cxd4
f6 9. exf6 Nxf6 10. O-O Bd6 11. Nf3 Qc7 12. g3 O-O 13. Bf4 Ng4 14. Bxd6 Qxd6
15. Nc3 Qd8 16. h3 Nh6 17. Kg2 Bd7 18. Bb5 Be8 19. Re1 Bh5 20. g4 Nxg4 21. hxg4
Bxg4 22. Re3 Bxf3+ 23. Rxf3 Rxf3 24. Qxf3 Nxd4 25. Qf4 Nxb5 26. Nxb5 Qb6 27. a4
Rf8 28. Qd4 Qd8 29. Re1 a6 30. Nc3 Qg5+ 31. Kf1 Rf6 32. Re3 Qf5 33. Rg3 h5 34.
Nd1 g5 35. Qd3 Qxd3+ 36. Rxd3 Kg7 37. Rb3 Rf7 38. Kg2 Rc7 39. Nc3 Kf6 40. Ne2
e5 41. Rb6+ Rc6 42. Rxb7 d4 43. a5 Rc2 44. Ng3 h4 45. Rb6+ Kf7 46. Ne4 g4 47.
Rxa6 Rxb2 48. Rh6 g3 49. Rxh4 gxf2 50. Rh6 Ke7 51. a6 Ra2 52. a7 Kd7 53. Rh8
1-0

[Event "Ct. Catalunya Absolut Final"]
[Site "Barcelona"]
[Date "2013.05.06"]
[Round "3"]
[White "Narciso Dublan, M."]
[Black "Lopez Martinez, JM."]
[Result "1/2-1/2"]
[WhiteElo "2542"]
[BlackElo "2535"]
[PlyCount "133"]
[EventDate "2013.??.??"]
[EventType "k.o."]
[EventRounds "8"]

1. d4 Nf6 2. c4 e6 3. Nc3 Bb4 4. Qc2 d5 5. cxd5 Qxd5 6. Nf3 Qf5 7. Qd1 e5 8.
dxe5 Ne4 9. Bd2 Nc6 10. e3 Nxd2 11. Qxd2 Nxe5 12. Nd4 Qf6 13. a3 Bxc3 14. Qxc3
O-O 15. Be2 Qg6 16. O-O-O Ng4 17. Bxg4 Bxg4 18. f3 Bd7 19. Rd2 Rfe8 20. e4 b6
21. Rhd1 Qh6 22. g3 Qf6 23. Ne2 Ba4 24. Qxf6 gxf6 25. Rg1 Rad8 26. Nf4 Kf8 27.
g4 Bb3 28. Nh5 Ke7 29. Ng7 Rxd2 30. Kxd2 Rd8+ 31. Ke3 Be6 32. b4 c6 33. Rc1 Bd7
34. Nh5 Ra8 35. Nf4 Kd6 36. Rd1+ Ke7 37. b5 Rg8 38. bxc6 Bxc6 39. Nh5 Rc8 40.
Rc1 a5 41. Nf4 Kd7 42. Nh5 Ke7 43. Ng3 Bd7 44. Rxc8 Bxc8 45. Kd4 Ba6 46. h4 Kd6
47. Nf5+ Ke6 48. f4 Be2 49. Ne3 b5 50. f5+ Kd6 51. Nd5 Bxg4 52. Nxf6 h5 53. e5+
Ke7 54. Nd5+ Kd7 55. Nf6+ Ke7 56. Nd5+ Kd7 57. Ne3 b4 58. axb4 axb4 59. Kc4
Bxf5 60. Nxf5 Ke6 61. Ng7+ Kxe5 62. Nxh5 Kf5 63. Ng3+ Kg4 64. h5 Kg5 65. Kxb4
f5 66. h6 Kxh6 67. Nxf5+ 1/2-1/2

[Event "Ct. Catalunya Absolut Final"]
[Site "Barcelona"]
[Date "2013.05.07"]
[Round "4"]
[White "Lopez Martinez, JM."]
[Black "Narciso Dublan, M."]
[Result "1-0"]
[WhiteElo "2535"]
[BlackElo "2542"]
[PlyCount "98"]
[EventDate "2013.??.??"]
[EventType "k.o."]
[EventRounds "8"]

1. e4 e5 2. Nf3 Nc6 3. Bb5 a6 4. Ba4 Nf6 5. d3 b5 6. Bb3 Bc5 7. c3 d6 8. Bg5 h6
9. Bh4 Rb8 10. Nbd2 Ba7 11. Nf1 a5 12. a4 b4 13. Bxf6 Qxf6 14. Ne3 O-O 15. O-O
Be6 16. Nd2 bxc3 17. bxc3 Bxe3 18. fxe3 Qg5 19. Re1 Bxb3 20. Nxb3 f5 21. Nd2
fxe4 22. Nxe4 Qg6 23. Qd2 Kh7 24. Qa2 Ne7 25. Rab1 Nf5 26. Rxb8 Rxb8 27. Qf2
Ne7 28. Qc2 Nd5 29. Nd2 Nb6 30. e4 Qe8 31. Rb1 Nd7 32. Rxb8 Qxb8 33. Nc4 Nc5
34. d4 exd4 35. cxd4 Qb3 36. Qxb3 Nxb3 37. Kf2 Nxd4 38. Nxa5 Kg6 39. Ke3 Ne6
40. Nb7 Kf6 41. a5 Ke5 42. a6 c5 43. a7 Nc7 44. Kd3 h5 45. Kc4 Na8 46. Kb5 Kxe4
47. Kc6 c4 48. Nxd6+ Kd3 49. Nb5 c3 1-0

[Event "Ct. Catalunya Absolut Final"]
[Site "Barcelona"]
[Date "2013.05.08"]
[Round "5"]
[White "Alonso Rosell, A."]
[Black "Lopez Martinez, JM."]
[Result "1/2-1/2"]
[WhiteElo "2547"]
[BlackElo "2535"]
[PlyCount "33"]
[EventDate "2013.??.??"]
[EventType "k.o."]
[EventRounds "8"]

1. d4 Nf6 2. c4 e6 3. Nf3 b6 4. g3 Bb7 5. Bg2 Be7 6. O-O c5 7. Nc3 cxd4 8. Qxd4
d6 9. Bg5 a6 10. Bxf6 Bxf6 11. Qf4 Bxf3 12. exf3 Ra7 13. Rfd1 Rd7 14. Qd2 O-O
15. f4 g6 16. Rac1 Qc7 17. Ne4 1/2-1/2